| 000 | 00953cam a22002654a 4500 | ||
|---|---|---|---|
| 003 | OSt | ||
| 005 | 20260206111747.0 | ||
| 008 | 000418s2000 enka b 001 0 eng | ||
| 020 | _a0198296789 | ||
| 020 | _a0199240973 | ||
| 020 | _a9780199240975 | ||
| 040 |
_aKABLIB _cKABLIB _beng _erda |
||
| 082 | 0 | 0 |
_a327.73 _223 _bAME |
| 245 | 0 | 0 |
_aAmerican democracy promotion : _bimpulses, strategies, and impacts / _cedited by Michael Cox, G. John Ikenberry, and Takashi Inoguchi. |
| 260 |
_aNew York : _bOxford University Press, _c2000. |
||
| 300 |
_axii, 353 p. : _bill. ; _c25 cm. |
||
| 504 | _aIncludes bibliographical references and index. | ||
| 650 | 0 |
_aDemocracy _zUnited States. _915363 |
|
| 650 | 0 |
_aDemocratization _xGovernment policy _zUnited States. _915515 |
|
| 651 | 0 |
_aUnited States _xForeign relations _915516 |
|
| 700 | 1 |
_aCox, Michael, _915517 |
|
| 700 | 1 |
_aIkenberry, G. John. _915518 |
|
| 700 | 1 |
_aInoguchi, Takashi. _915519 |
|
| 942 |
_2ddc _cBOOK |
||
| 999 |
_c6105 _d6105 |
||